01377cam a2200361 a 45000010005000000030006000050050017000110080041000280100017000690200042000860200018001280200039001460400023001850500021002080820012002291000027002412450028002682600044002963000047003403360026003873370028004133380027004414900022004684900018004905040059005085050068005675050007006355200217006425210027008595210018008866500032009046550079009368402FISKH20250910145709.0070309s2008 mnua j b 001 0 eng  a 2007010297 a9781600140976qhardcover : alk. paper a9780531284551 a1600140971qhardcover : alk. paper aDLCcDLCdDLCbeng00aQC360b.S38 200800a5352221 aSchuh, Mari C.,d1975-10aLight /cby Mari Schuh. aMinneapolis :bBellwether Media,c2008. a24 pages : bcolor illustrations ; c23 cm atextbtxt2rdacontent aunmediatedbn2rdamedia avolumebnc2rdacarrier0 aBlastoff! readers0 aFirst science aIncludes bibliographical references (p. 23) and index.0 aWhat is Light? -- Sources of light -- Light rays -- Reflection.0 aK  a"First Science explains introductory physical science concepts about light through real-world observation and simple scientific diagrams. Intended for students in grades three through six"--Provided by publisher.8 a510 bLexile estimate 8 aK bRaz-Plus  0aLightvJuvenile literature. 7aLiterature.2lcgft0https://id.loc.gov/authorities/genreForms/gf2014026415